[Event "C.to Europeo U10"]
[Site "Albena BUL"]
[Date "2011.09.12"]
[Round "2"]
[White "Dichev, Kaloyan"]
[Black "Di Benedetto, Edoardo"]
[Result "0-1"]
[WhiteElo "1484"]
[BlackElo "1834"]
[PlyCount "104"]
[EventDate "2011.09.11"]

1. e4 e6 2. d4 d5 3. exd5 exd5 4. Nc3 Nf6 5. Bg5 c6 6. Nf3 Be7 7. Bd3 O-O 8.
O-O Nbd7 9. Re1 Re8 10. Qd2 b6 11. Re2 Rf8 12. Rae1 Bd6 13. Ne5 Qc7 14. Bxf6
Nxf6 15. Qg5 h6 16. Qh4 Be6 17. Re3 Be7 18. Ng6 Rfe8 19. Nxe7+ Qxe7 20. Bf5 Qd7
21. Bxe6 Rxe6 22. Rxe6 fxe6 23. Qh3 Re8 24. Re3 Kh8 25. Ne2 Qd6 26. Ng3 Kh7 27.
Nh5 Nxh5 28. Qxh5 Rf8 29. Rg3 Rf6 30. Qg4 Qe7 31. Re3 Rg6 32. Qh3 Qb4 33. Rxe6
Qxd4 34. g3 Rxe6 35. Qxe6 Qd1+ 36. Kg2 Qxc2 37. Kf3 Qd3+ 38. Kg4 Qg6+ 39. Qxg6+
Kxg6 40. Kf4 Kf6 41. h4 g5+ 42. hxg5+ hxg5+ 43. Ke3 c5 44. f3 d4+ 45. Ke4 Ke6
46. f4 gxf4 47. gxf4 Kf6 48. Kd3 Kg6 49. Ke4 Kf6 50. b4 a5 51. b5 a4 52. f5 Ke7
0-1

[Event "C.to Europeo U10"]
[Site "Albena BUL"]
[Date "2011.09.14"]
[Round "4"]
[White "Orel, Danil"]
[Black "Di Benedetto, Edoardo"]
[Result "1/2-1/2"]
[WhiteElo "1773"]
[BlackElo "1834"]
[PlyCount "120"]
[EventDate "2011.09.11"]

1. e4 e6 2. d4 d5 3. Nd2 c5 4. exd5 Qxd5 5. Ngf3 cxd4 6. Bc4 Qd6 7. O-O Nf6 8.
Nb3 Nc6 9. Nbxd4 Nxd4 10. Nxd4 a6 11. Be3 Be7 12. Qf3 O-O 13. Rad1 Qc7 14. Bd3
Bd7 15. Bg5 Rad8 16. Qh3 h6 17. Be3 Bc5 18. Nb3 Bxe3 19. Qxe3 Bc6 20. Qg3 Qxg3
21. hxg3 Rd6 22. Be2 Rfd8 23. Rxd6 Rxd6 24. Rd1 Rxd1+ 25. Bxd1 Bd5 26. Bf3 Bxf3
27. gxf3 b6 28. a4 a5 29. Nd2 Kf8 30. Kf1 Ke7 31. Nc4 Nd7 32. Ke2 h5 33. f4 f6
34. Kf3 g5 35. Ke3 Kf7 36. fxg5 fxg5 37. c3 Kf6 38. f4 gxf4+ 39. Kxf4 e5+ 40.
Kf3 Ke6 41. Ke3 Kd5 42. b3 Ke6 43. Kf3 Kf5 44. b4 axb4 45. cxb4 Ke6 46. a5 bxa5
47. bxa5 Nc5 48. Ke3 Kd5 49. Nb6+ Kc6 50. Nc8 Kd7 51. Na7 Nb7 52. Ke4 Kd6 53.
Nb5+ Ke6 54. Nc7+ Kd6 55. Ne8+ Ke7 56. Ng7 Nxa5 57. Kxe5 Nc6+ 58. Kf4 Nd4 59.
Ke3 Kf7 60. Nxh5 Nf5+ 1/2-1/2

[Event "C.to Europeo U10"]
[Site "Albena BUL"]
[Date "2011.09.19"]
[Round "8"]
[White "Poleg, Dan"]
[Black "Di Benedetto, Edoardo"]
[Result "1-0"]
[WhiteElo "1648"]
[BlackElo "1834"]
[PlyCount "51"]
[EventDate "2011.09.11"]

1. e4 d5 2. exd5 Qxd5 3. Nc3 Qa5 4. Nf3 Nf6 5. Bc4 Bf5 6. O-O e6 7. d3 c6 8.
Nd4 Bg6 9. Re1 Be7 10. Kh1 Qb6 11. Nce2 Ng4 12. Be3 Qc7 13. Ng3 Nxe3 14. Rxe3
Qb6 15. Qg4 h5 16. Nxh5 Bxh5 17. Qxg7 Rf8 18. Rf1 Qb4 19. Bxe6 Bg6 20. Bf5 Bh5
21. Qf6 Kd8 22. Rxe7 Nd7 23. Rxd7+ Kc8 24. Re7+ Kd8 25. Rxb7+ Qe7 26. Qxe7# 1-0